Podtatranské múzeum v Poprade

Podrobná bibliografia
Hlavný autor: Kaľavský, Michal (Autor)
Médium: Článok
Jazyk:slovenčina
Fyzický popis:Obr. 2.
Predmet:

MARC

LEADER 00000nab a2200000 a 4500
001 vtls000302597
003 SK-MaSNL
005 20260303215639.0
008 111201c1987 xo 0 slo
015 |a SNBRB19rr/mm-uuuuu 
035 |a CL0312716 
040 |a SNKBUCL  |b slo  |c SNKBUCL  |e AACR2 
041 0 |a slo 
044 |a xo  |c SK 
080 |a 069.5  |2 1981 
080 |a 069.6.02(1-4)  |2 1981 
080 |a 902  |2 1981 
100 1 |a Kaľavský, Michal  |4 aut  |9 278228 
245 1 0 |a Podtatranské múzeum v Poprade  |c Michal Kaľavský 
300 |b Obr. 2. 
650 0 7 |a Podtatranské múzeum v Spišskej Sobote  |2 snkbucl  |9 1252154 
650 0 7 |a expozície  |2 snkbucl  |9 29734 
651 7 |a 5406  |2 snkbucl  |9 276477 
655 7 |a články z novín a časopisov  |2 snkbucl  |9 267496 
773 0 |t Osvetová práca  |g Roč. 37, č. 23 (1987), s. 35-36 
850 |a Slovenská národná knižnica v Martine  |a MTA001 
852 |a SNK  |b KIS3GCP 
958 |a RK 
992 |a RBX 
999 |c 2222513  |d 2224443